<The> Czech treasury yield curve from 1999 to the present

Odhad českej výnosovej krivky na základe použitia parametrického modelu Nelson-Siegel. Štátne dlhopisy a výnosová krivka. Dopad finančnej krízy na vývoj českej výnosovej krivky. Spotové, forwardové a swapové sadzby.

Gespeichert in:
Bibliographische Detailangaben
1. Verfasser: Kladívko, Kamil
Format: Buchkapitel
Sprache:Englisch
Schlagworte:
Tags: Tag hinzufügen
Keine Tags, Fügen Sie das erste Tag hinzu!

MARC

LEADER 00000naa a2200000 4500
001 0127184
005 20231010115651.2
041 0 |a eng 
044 |a CZ 
245 1 0 |a <The> Czech treasury yield curve from 1999 to the present  |c Kamil Kladívko 
520 |a Odhad českej výnosovej krivky na základe použitia parametrického modelu Nelson-Siegel. Štátne dlhopisy a výnosová krivka. Dopad finančnej krízy na vývoj českej výnosovej krivky. Spotové, forwardové a swapové sadzby. 
610 2 0 |a trh finančný 
610 2 0 |a výnosnosť 
610 2 0 |a modely analytické ekonometrické 
610 2 0 |a dlhopisy štátne 
610 2 0 |a spot 
610 2 0 |a forwardy 
610 2 0 |a swap 
610 2 0 |a Česko 
100 1 |a Kladívko, Kamil